000 00702nmm a2200253 a 4500
003 AR-Y00000XR
005 20251128211906.0
008 307020s1999 ||||||||||||||000 | spa||
020 _a84-294-6225-2
040 _cAR-Y00000XR
100 1 _aReardon, Betty A.
245 1 0 _aLa tolerancia
_bumbral de la paz
_nUnidad 2
260 _aMadrid
_bSantillana
_c1999
_bEdiciones UNESCO
300 0 _a104 p.
650 4 _aTOLERANCIA
650 4 _aEDUCACION PARA LA PAZ
650 4 _aACTIVIDADES DE APRENDIZAJE
653 0 _aEDUCACION EN VALORES
653 0 _aESTRATEGIAS DIDACTICAS
653 0 _aEDUCACION EN LA DIVERSIDAD
653 0 _aEDUCACION PRIMARIA
942 _cBK
998 _cme-solo cat
999 _c21502
_d21502